|
|
|
|
| LEADER |
01011nam a2200253 a 4500 |
| 001 |
1355741 |
| 008 |
090913s1980 stka b 001 0 eng d |
| 010 |
|
|
|a \\\80040314
|
| 020 |
|
|
|a 0443021953 :
|c £15.00
|
| 040 |
|
|
|a DLC
|c DLC
|d DLC
|
| 082 |
0 |
0 |
|a 362.1/9892
|2 19
|
| 245 |
0 |
0 |
|a Child health in the community /
|c edited by Ross G. Mitchell ; foreword by S. D. M. Court.
|
| 250 |
|
|
|a 2d ed.
|
| 260 |
|
|
|a Edinburgh ;
|a New York :
|b Churchill Livingstone,
|c 1980.
|
| 300 |
|
|
|a vi, 348 p. :
|b ill. ;
|c 24 cm.
|
| 504 |
|
|
|a Includes bibliographies and index.
|
| 541 |
1 |
|
|e 00004328
|
| 650 |
|
0 |
|a Children
|x Health and hygiene.
|
| 650 |
|
0 |
|a Child health services.
|
| 650 |
|
0 |
|a Child health services
|z Great Britain.
|
| 700 |
1 |
|
|a Mitchell, Ross G.
|
| 852 |
4 |
|
|a Ayesha Abed Library
|j General shelf
|
| 999 |
|
|
|c 4028
|d 4028
|
| 952 |
|
|
|0 0
|1 0
|2 ddc
|4 0
|6 362_198920000000000_CHI_1980
|7 0
|9 3710
|a BRACUL
|b BRACUL
|c GEN
|d 2009-10-03
|g 0.00
|l 0
|o 362.19892 CHI
|p 3010004328
|r 2009-10-03
|t 1
|w 2009-10-03
|y BK
|x No price found in the accession register.
|